000 00279nam a22001217a 4500
040 _cSY
082 _a634
100 _aVON MONIN; វន មុិនិន្ទ
245 _aរុក្ខវប្បកម្ម
260 _aRUA
_bVON
_c2015
300 _a131p.
942 _cKB
999 _c9137
_d9137